Southville International School and Colleges
Your cart is empty.
  • Cart
  • Lists
    Public lists Eva Luna New books Lux_list list_1
    Your lists Log in to create your own lists
  • Log in to your account
  • Your cookies
  • Search history
Southville International School and Colleges
  • Advanced search
  • Recent comments
  • Most popular
  • Libraries

Log in to your account

Log in with GOOGLE


If you do not have an external account, but do have a local account, you can still log in:

  1. Home
  2. MARC view: 6 qualities of high achiever :
Normal view MARC view ISBD view

6 qualities of high achiever : (Record no. 14808)

[ view plain ]
MARC details
000 -LEADER
fixed length control field 00646nam a2200193 a 4500
003 - CONTROL NUMBER IDENTIFIER
control field PILC
005 - DATE AND TIME OF LATEST TRANSACTION
control field 20150112093443.0
008 - FIXED-LENGTH DATA ELEMENTS--GENERAL INFORMATION
fixed length control field 100727s19uu xx 00 eng d
020 ## - INTERNATIONAL STANDARD BOOK NUMBER
International Standard Book Number 9719222107
050 ## - LIBRARY OF CONGRESS CALL NUMBER
Classification number HF 5386
Item number .T36 2000
082 ## - DEWEY DECIMAL CLASSIFICATION NUMBER
Classification number SFf 158.1
Item number T15 2000
100 ## - MAIN ENTRY--PERSONAL NAME
Personal name Tan-Ledesma, Genevive
9 (RLIN) 20768
245 ## - TITLE STATEMENT
Title 6 qualities of high achiever :
Remainder of title Skills building manual /
Statement of responsibility, etc Genevive Tan-Ledesma
260 ## - PUBLICATION, DISTRIBUTION, ETC. (IMPRINT)
Place of publication, distribution, etc Las Piñas City, Philippines :
Name of publisher, distributor, etc Actum Publications,
Date of publication, distribution, etc 2000.
300 ## - PHYSICAL DESCRIPTION
Extent 166 pages :
Dimensions 26 cm.
650 ## - SUBJECT ADDED ENTRY--TOPICAL TERM
Topical term or geographic name as entry element Achievers - Hanbooks, manuals, etc.
9 (RLIN) 20769
650 ## - SUBJECT ADDED ENTRY--TOPICAL TERM
Topical term or geographic name as entry element Success - Hanbook, manuals, etc.
9 (RLIN) 20770
942 ## - ADDED ENTRY ELEMENTS (KOHA)
Source of classification or shelving scheme Library of Congress Classification
Koha item type Books
Holdings
Withdrawn status Lost status Source of classification or shelving scheme Damaged status Home library Current library Shelving location Date acquired Total Checkouts Total Renewals Full call number Barcode Date last seen Date checked out Copy number Price effective from Koha item type
    Library of Congress Classification   Southville International School Affiliated with Foreign Universities Library Southville International School Affiliated with Foreign Universities Library Southville Foreign University Section 09/18/2013 5 15 HF 5386 .T36 2000 SFU1367 06/10/2021 05/27/2021 1 09/18/2013 Books

6 qualities of high achiever :

APA

Tan-Ledesma G., . (2000). 6 qualities of high achiever. Las Piñas City, Philippines: Actum Publications.

Chicago

Tan-Ledesma Genevive, . 2000. 6 qualities of high achiever. Las Piñas City, Philippines: Actum Publications.

Harvard

Tan-Ledesma G., . (2000). 6 qualities of high achiever. Las Piñas City, Philippines: Actum Publications.

MLA

Tan-Ledesma Genevive, . 6 qualities of high achiever. Las Piñas City, Philippines: Actum Publications. 2000.

  • Place hold
  • Print
  • Cite
  • Add to your cart (remove)
  • Save record
    BIBTEX Dublin Core MARCXML MARC (non-Unicode/MARC-8) MARC (Unicode/UTF-8) MARC (Unicode/UTF-8, Standard) MODS (XML) RIS
  • More searches
    Search for this title in:
    Other Libraries (WorldCat) Other Databases (Google Scholar) Online Stores (Bookfinder.com) Open Library (openlibrary.org)

Exporting to Dublin Core...

SOUTHVILLE LIBRARY

Southville International School and Colleges Library

1281 Tropical Ave. Cor. Luxembourg St., BF Homes International, Las Pinas City

Tel. No. 8256374 / 252358 Loc. 117/146

Powered by Koha